Pakistan movement; (Record no. 79436)

MARC details
000 -LEADER
fixed length control field 00803cam a22002531 4500
001 - CONTROL NUMBER
control field sa 68003379
003 - CONTROL NUMBER IDENTIFIER
control field DLC
005 - DATE AND TIME OF LATEST TRANSACTION
control field 20260227112452.0
008 - FIXED-LENGTH DATA ELEMENTS--GENERAL INFORMATION
fixed length control field 710903s1967 pk 000 0 eng
010 ## - LIBRARY OF CONGRESS CONTROL NUMBER
LC control number sa 68003379
025 ## - OVERSEAS ACQUISITION NUMBER
Overseas acquisition number PL480:P-E-1268
040 ## - CATALOGING SOURCE
Original cataloging agency DLC
Transcribing agency DLC
Modifying agency DLC
043 ## - GEOGRAPHIC AREA CODE
Geographic area code a-pk---
050 00 - LIBRARY OF CONGRESS CALL NUMBER
Classification number DS382
Item number .A4
082 00 - DEWEY DECIMAL CLASSIFICATION NUMBER
Classification number 320.9/549
100 1# - MAIN ENTRY--PERSONAL NAME
Personal name Allana, G.
Fuller form of name (Gulam),
Dates associated with a name 1906-1985.
245 10 - TITLE STATEMENT
Title Pakistan movement;
Remainder of title historic documents,
Statement of responsibility, etc. by G. Allana.
250 ## - EDITION STATEMENT
Edition statement [1st ed.]
260 ## - PUBLICATION, DISTRIBUTION, ETC.
Place of publication, distribution, etc. Karachi
Name of publisher, distributor, etc. [Published by Paradise Subscription Agency] for Dept. of International Relations, University of Karachi
Date of publication, distribution, etc. [1967]
300 ## - PHYSICAL DESCRIPTION
Extent 467 p.
Dimensions 25 cm.
350 ## - PRICE (NR) (BK AM CF MU VM SE) [OBSOLETE]
Price Rs30
651 #0 - SUBJECT ADDED ENTRY--GEOGRAPHIC NAME
Geographic name Pakistan
General subdivision History
-- Sources.
710 2# - ADDED ENTRY--CORPORATE NAME
Corporate name or jurisdiction name as entry element University of Karachi.
Subordinate unit Department of International Relations.

No items available.

Powered by Koha